| 000 | 00383 a2200157 4500 | ||
|---|---|---|---|
| 003 | Nust | ||
| 005 | 20230328110906.0 | ||
| 040 | _cNust | ||
| 082 | _a891.4391,JAW | ||
| 100 |
_a Jawad,Yasir _914440 |
||
| 245 |
_aMushriq ky Azeem Mufakkir / _cYasir Jawad |
||
| 260 |
_aLahore, _bTakhliquat, _c1997. |
||
| 300 | _a455:p | ||
| 650 | _aUrdu Literature | ||
| 942 |
_2ddc _cBK _k891.4391,JAW |
||
| 999 |
_c188533 _d188533 |
||